000 00400nam a2200169Ia 4500
005 20250423101135.0
008 250422s9999 xx 000 0 und d
020 _a0406851093
050 _aKF 60 .A5/
245 4 _aThe all engand law reports.
260 _aEdinburgh,London.
260 _bButterworths.
260 _c1974
300 _a1248 p
650 _aEngland law reports.
942 _cBK
999 _c35408
_d35408